LIBRARY & INFORMATION CENTRE, KCAET, TAVANUR

ONLINE PUBLIC ACCESS CATALOGUE (OPAC)

Total quality management (Record no. 13666)

MARC details
000 -LEADER
fixed length control field 00368nam a22001457a 4500
020 ## - INTERNATIONAL STANDARD BOOK NUMBER
ISBN 9788189866860
082 ## - DEWEY DECIMAL CLASSIFICATION NUMBER
Classification number 658.562
Item number KES/TO
100 ## - MAIN ENTRY--AUTHOR NAME
Personal name Kesavan, R
245 ## - TITLE STATEMENT
Title Total quality management
260 ## - PUBLICATION, DISTRIBUTION, ETC. (IMPRINT)
Place of publication New Delhi
Name of publisher I.K International Publishing House pvt. Ltd.
Year of publication 2012
300 ## - PHYSICAL DESCRIPTION
Number of Pages 318
700 ## - ADDED ENTRY--PERSONAL NAME
Personal name Elanchezhian, C
700 ## - ADDED ENTRY--PERSONAL NAME
Personal name Ramnath, Vijaya B
942 ## - ADDED ENTRY ELEMENTS (KOHA)
Koha item type Books
Holdings
Withdrawn status Lost status Damaged status Collection code Home library Current library Shelving location Date acquired Source of acquisition Cost, normal purchase price Full call number Accession Number Koha item type
      Non-fiction KAUAET KAUAET General Stacks 31/03/2012 Cosmo Books, Calicut 245.00 658.562 KES/TO 22452 Books
free website counter